|
|
|
|
| LEADER |
00000nam0a2200000 4500 |
| 001 |
332269 |
| 005 |
20231102004435.0 |
| 010 |
|
|
|a 9785934881840
|
| 035 |
|
|
|a (RuTPU)RU\TPU\book\358176
|
| 090 |
|
|
|a 332269
|
| 100 |
|
|
|a 20170518d2016 m y0rusy50 ca
|
| 101 |
0 |
|
|a rus
|
| 102 |
|
|
|a RU
|
| 105 |
|
|
|a y z 000gy
|
| 200 |
1 |
|
|a Мудрость жизни
|e притчи в стихах
|f К. А. Баженов
|
| 210 |
|
|
|a Вышний Волочек
|c Ирида-прос
|d 2016
|
| 215 |
|
|
|a 140 с.
|
| 330 |
|
|
|a В книгу вошли поэтические изложения известных и малоизвестных притч и басен. Басни и притчи в стихах звучат по-новому, привлекая поэтической гармонией, и позволяют нашим современникам знакомиться с мудростью древних учений. Автор старался выбрать интересные сюжеты для размышлений в стихах.
|
| 606 |
1 |
|
|a Русская литература современная
|2 stltpush
|3 (RuTPU)RU\TPU\subj\26373
|9 50316
|
| 610 |
1 |
|
|a поэзия
|
| 610 |
1 |
|
|a стихи
|
| 610 |
1 |
|
|a притчи
|
| 610 |
1 |
|
|a басни
|
| 610 |
1 |
|
|a выпускники ТПИ
|
| 675 |
|
|
|a Р2
|v 4
|
| 700 |
|
1 |
|a Баженов
|b К. А.
|g Константин Александрович
|
| 801 |
|
1 |
|a RU
|b 63413507
|c 20170518
|
| 801 |
|
2 |
|a RU
|b 63413507
|c 20170606
|g RCR
|
| 942 |
|
|
|c BK
|